000 00205 a2200097 4500
001 4225
100 _aJudge,A.W
245 _aMotor vehicle engine servicing
260 _a
_bPitman
_c
090 _c3442
_d3442
942 _aNUST-CAE
_cM
_c27136
999 _c239298
_d239298